| Tag |
First Indicator |
Second Indicator |
Subfields |
| LEADER |
00000cam a2200000 i 4500 |
| 001 |
in00001372113 |
| 005 |
20151006074059.0 |
| 007 |
hd bfu---bubu |
| 008 |
800202t18691868nyu a 000 1 eng d |
| 010 |
|
|
|a nuc87702781
|
| 035 |
|
|
|a (OCoLC)05938996
|
| 035 |
|
|
|9 AHH8588AM
|
| 037 |
|
|
|a CL00540-0001
|b University Microfilms International
|
| 037 |
|
|
|b University Microfilms International, 300 N. Zeeb Rd., Ann Arbor, MI 48106
|
| 040 |
|
|
|a UnM
|c UMI
|d RQM
|d UtOrBLW
|
| 049 |
|
|
|a TXAI
|
| 050 |
1 |
4 |
|a PS2679.R7
|b Y4
|
| 099 |
|
|
|a film
|a B
|a 3866
|
| 100 |
1 |
|
|a Reid, Mayne,
|d 1818-1883.
|
| 245 |
1 |
4 |
|a The yellow chief :
|b a romance of the Rocky Mountains /
|c by Mayne Reid.
|
| 264 |
|
1 |
|a New York :
|b Beadle,
|c [1869]
|
| 264 |
|
4 |
|c ©1868
|
| 300 |
|
|
|a 100 pages :
|b frontispiece
|
| 336 |
|
|
|a text
|b txt
|2 rdacontent
|
| 337 |
|
|
|a microform
|b h
|2 rdamedia
|
| 338 |
|
|
|a microfilm reel
|b hd
|2 rdacarrier
|
| 490 |
1 |
|
|a Beadle's dime novels ;
|v no. 189
|
| 500 |
|
|
|a Later editions published under title: Blue Dick.
|
| 500 |
|
|
|a Master microform held by: UnM.
|
| 533 |
|
|
|a Microfilm.
|b Ann Arbor, Mich. :
|c University Microfilms International,
|d 1980.
|e 1 reel ; 35 mm.
|f (Dime novels : Unit 1 ; 189-DN : reel 6:3)
|
| 539 |
|
|
|a s
|b 1980
|d miu
|e n
|
| 500 |
|
|
|a Microform.
|
| 830 |
|
0 |
|a Beadle's dime novels ;
|v no. 189.
|
| 830 |
|
0 |
|a Beadle's dime novels ;
|v DN-189, reel 6:3.
|
| 999 |
|
|
|a MARS
|
| 999 |
f |
f |
|s 93d79553-68c2-39f1-9495-05e6c1292578
|i 405572f5-96e9-3c37-bfbe-c4f3122bc8bf
|t 0
|
| 952 |
f |
f |
|p default
|a Texas A&M University
|b College Station
|c Sterling C. Evans Library
|d Evans: Microforms (3rd floor)
|t 0
|e film B 3866 reel 6:3
|h Other scheme
|i microform -- microfilm reel
|
| 998 |
f |
f |
|a film B 3866 reel 6:3
|t 0
|l Evans: Microforms (3rd floor)
|